=LDR 00000nam 2200000 4500 =001 INLIS000000000054758 =005 20200224074244 =035 ##$$a 0010-0220000320 =007 ta =008 200224###########################0#ind## =020 ##$$a 978-602-407-117-2 =082 ##$$a 650 =084 ##$$a 650 Fox m =245 1#$$a Mantap Memulai Bisnis Dari Nol : $b Langkah Cemerlang Jadi Pebisnis Sukses /$c Jeffrey J. Fox =250 ##$$a Cet 1 =300 ##$$a 168 Halaman ; $c 20 Cm =650 #4$$a Bisnis =700 #$$a Editor: Dyas =504 ##$$a Bibliografi: Halaman 165 =264 ##$$a Yogyakarta :$b Laksana,$c 2017 =336 ##$$a teks$2 rdacontent =337 ##$$a lain-lain$2 rdamedia =338 ##$$a lain-lain$2 rdacarrier =990 ##$$a 13091309 =990 ##$$a 13091309